000 00552nam a2200181 a 4500
001 000030465
005 20200930062327.0
008 110517s1984 dr a 000 | spa d
040 _aDO-SdBNP
_bspa
_cBNPHU
082 _axxx
_bR696c
100 1 _aRodríguez, Danilo
_929850
245 1 3 _aEl costeo directo en empresas que operan :
_bcon un solo producto y con varios productos.
260 _a[Santo Domingo] :
_bDaro Magno,
_c1984.
300 _a48 p. :
_bil. ;
_c20 cm.
490 1 _aDaro Magno
_v1
830 0 _aDaro Magno;
_v1
_957096
049 _aBNPD
999 _c29957
_d29957